000 00290nam a2200109Ia 4500
008 230907s9999||||xx |||||||||||||| ||und||
082 _a747.852
_bPIO
100 _aPiotrowski, Christine M.,
_933336
245 0 _aDesigning Commercial Interiors /
300 _axvii, 556 pages :
942 _cBK
999 _c600668
_d600668